| 000 | 00671nam a2200217Ia 4500 | ||
|---|---|---|---|
| 008 | 160517s9999 xx 000 0 und d | ||
| 050 | _aLB 1050 | ||
| 050 | _b.C157 2016 | ||
| 100 | _aCalleja, Elly Mae M. | ||
| 245 | 2 | _aA case study on the use of educational audio book in enhancing the reading comprehension of young adults with visual impairment / | |
| 245 | _cElly Mae M. Calleja. | ||
| 260 | _aLas PiƱas, Philippines : | ||
| 260 | _bSISC, | ||
| 260 | _c2016. | ||
| 300 | _a74 pages : | ||
| 300 | _billustrations ; | ||
| 300 | _c28 cm. | ||
| 500 | _aIncludes bibliographical references and appendices. | ||
| 521 | _aSpecial Education | ||
| 942 | _cTH | ||
| 999 |
_c293977 _d293977 |
||